| 000 | 01168cam a2200181 4500 | ||
|---|---|---|---|
| 001 | ##WS134594 | ||
| 008 | 060818n 000 0 eng u | ||
| 035 | _a(Sirsi) u134594 | ||
| 041 | 0 | _aeng | |
| 110 | 2 |
_aBritish Geological Survey _91581 |
|
| 245 | 0 | 0 | _aMinerals information online |
| 520 | _a"Minerals information online" is an innovative Internet GIS developed by the British Geological Society's Centre for Sustainable Mineral Development. It offers quick public access to information about mineral resources in the English regions. It enables users to relate minerals information to other forms of land use such as urban areas, nature conservation and transport infrastructure. "Minerals information online" is provided on a regional basis and covers all the regions of England except central London. Geographical information is presented at scales from 1: 2 500 000 to 1: 250. | ||
| 590 | _aIKA220806 | ||
| 651 | 4 |
_aEngland _y886- |
|
| 690 | _aENVIRONMENTAL AND LAND CONSULTANCY-MINERAL RESOURCE MANAGEMENT-MINERALS SURVEYING | ||
| 856 | 4 | 0 |
_uhttps://www.bgs.ac.uk/mineralsuk/digital%5Fmaps/ _zView the website free of charge at www.bgs.ac.uk... |
| 942 | _n0 | ||
| 999 |
_c120501 _d120501 |
||